| 000 | 00599nam a22001817a 4500 | ||
|---|---|---|---|
| 005 | 20251108175158.0 | ||
| 008 | 250721s2013 xx 000 0 ara d | ||
| 082 | 1 | 4 | _a371.3/فلا |
| 100 | 1 | _aالفلاح، فخري علي ابراهيم | |
| 245 | 1 | 0 | _aمعايير البناء للمنهاج و طرق تدريس العلوم / |
| 264 | 1 |
_aعمان : _bدار يافا العلمية للنشر والتوزيع، _c2013. |
|
| 300 | _a405ص. | ||
| 650 | 1 | 7 | _aاساليب التدريس |
| 650 | 1 | 7 | _aطرق التعلم |
| 650 | 1 | 7 | _aالعلوم |
| 942 |
_2ddc _cBK |
||
| 999 |
_c128015 _d128015 |
||